| 000 | 01440cam a22003854a 4500 | ||
|---|---|---|---|
| 001 | 13368736 | ||
| 003 | OSt | ||
| 005 | 20260303142931.0 | ||
| 008 | 031009s2004 enka b 001 0 eng | ||
| 010 | _a 2003022525 | ||
| 020 |
_a1405107545 _qpbk. : alk. paper |
||
| 020 |
_a9781405107549 _q(pbk. : alk. paper) |
||
| 035 | _a13368736 | ||
| 040 |
_aDLC _cDLC _dDLC |
||
| 042 | _apcc | ||
| 050 | 0 | 0 |
_aNA2840 _b.E47 2004 |
| 082 | 0 | 0 |
_a729 E47 2004 _222 |
| 100 | 1 | _aEmmitt, Stephen. | |
| 245 | 1 | 0 |
_aPrinciples of architectural detailing / _cStephen Emmitt, John Olie, Peter Schmid. |
| 260 |
_aOxford, UK ; _aMalden, MA : _bBlackwell Pub., _c2004. |
||
| 300 |
_ax, 252 p. : _bill. ; _c25 cm. |
||
| 336 |
_atext _btxt _2rdacontent |
||
| 337 |
_aunmediated _bn _2rdamedia |
||
| 338 |
_avolume _bnc _2rdacarrier |
||
| 504 | _aIncludes bibliographical references (p. 241-242) and index. | ||
| 650 | 0 |
_aArchitecture _xDetails. |
|
| 650 | 0 |
_aArchitecture _xEnvironmental aspects. |
|
| 700 | 1 | _aOlie, John. | |
| 700 | 1 |
_aSchmid, Peter, _d1935- |
|
| 856 | 4 | 1 |
_3Table of contents _uhttp://www.loc.gov/catdir/toc/ecip0410/2003022525.html |
| 906 |
_a7 _bcbc _corignew _d1 _eecip _f20 _gy-gencatlg |
||
| 942 |
_2ddc _cBK-EN _n0 |
||
| 999 |
_c8559 _d8559 |
||